Riconosci il Pokémon - Quiz n°144 - Statistics

Statistiche generali
  • Questo quiz è stato fatto 1 volte
  • Il punteggio medio è 10 su 10
Statistiche sulle risposte
Indizio Risposta % Corretto
Altezza 0,8 m (Giorno); 1,1 m (Notte); 0,8 m (Crepuscolo)
100%
Peso 25,0 kg
100%
Sesso 50% ♂, 50% ♀
100%
Tasso di cattura 90 (20.1%)
100%
Pokémon Lycanroc
100%
Tasso di allevamento Medio-Veloce
100%
Stadio evoluzione Prima evoluzione
100%
Tipo Roccia
100%
Generazione Settima
100%
Abilità Sguardofermo (Giorno / Notte); Remasabbia (Giorno); Cuordeciso (Giorno); Spiritovivo (Notte); Nullodifesa (Notte); Unghiedure (Crepuscolo)
100%
Nessun quiz corrispondente trovato
Distribuzione punteggi
Percentuale di utenti per punteggio
Percentile per numero di risposta
I tuoi punteggi nel tempo
Non hai fatto questo quiz